Skrutkáreň, a.s. - analýza spoločnosti vývoj obchodovania s akciami spoločnosti
Analýza spoločnosti Skrutkáreň, a.s. Predmet činnosti. Obchodná situácia. Finančná situácia. Vývoj kurzu akcií. Celkový objem obchodov s akciami spoločnosti.
Guardado en:
| Formato: | Capítulo de libro |
|---|---|
| Lenguaje: | eslovaco |
| Materias: | |
| Etiquetas: |
Sin Etiquetas, Sea el primero en etiquetar este registro!
|
MARC
| LEADER | 00000naa a2200000 4500 | ||
|---|---|---|---|
| 001 | r030971 | ||
| 005 | 20230426111225.4 | ||
| 041 | 0 | |a slo | |
| 044 | |a SK | ||
| 245 | 1 | 0 | |a Skrutkáreň, a.s. - analýza spoločnosti |b vývoj obchodovania s akciami spoločnosti |
| 520 | |a Analýza spoločnosti Skrutkáreň, a.s. Predmet činnosti. Obchodná situácia. Finančná situácia. Vývoj kurzu akcií. Celkový objem obchodov s akciami spoločnosti. | ||
| 610 | 2 | 0 | |a analýza finančná |
| 610 | 2 | 0 | |a podnik |
| 610 | 2 | 0 | |a Slovensko |
| 610 | 2 | 0 | |a akcie |
| 610 | 2 | 0 | |a 1995-1997 |
| 610 | 2 | 0 | |a Skrutkáreň, a.s. Stará Ľubovňa |
| 610 | 2 | 0 | |a kovopriemysel |